<?xml version="1.0" encoding="UTF-8"?>
<record
    xmlns:xsi="http://www.w3.org/2001/XMLSchema-instance"
    xsi:schemaLocation="http://www.loc.gov/MARC21/slim http://www.loc.gov/standards/marcxml/schema/MARC21slim.xsd"
    xmlns="http://www.loc.gov/MARC21/slim">

  <leader>01336nam1a22003491i 4500</leader>
  <controlfield tag="001">v19\rc\1327572</controlfield>
  <controlfield tag="005">20260407123240.0</controlfield>
  <datafield tag="035" ind1=" " ind2=" ">
    <subfield code="a">(NLR Aleph) 004551549</subfield>
  </datafield>
  <datafield tag="090" ind1=" " ind2=" ">
    <subfield code="a">2148959</subfield>
    <subfield code="c">2148959</subfield>
  </datafield>
  <datafield tag="100" ind1=" " ind2=" ">
    <subfield code="a">20060512d1843    |||y0rusy50      ca</subfield>
  </datafield>
  <datafield tag="101" ind1="0" ind2=" ">
    <subfield code="a">rus</subfield>
  </datafield>
  <datafield tag="102" ind1=" " ind2=" ">
    <subfield code="a">RU</subfield>
  </datafield>
  <datafield tag="105" ind1=" " ind2=" ">
    <subfield code="a">    z   |||||</subfield>
  </datafield>
  <datafield tag="200" ind1="1" ind2=" ">
    <subfield code="a">&#x41A;&#x43D;&#x438;&#x433;&#x430; &#x43F;&#x43E;&#x441;&#x43E;&#x43B;&#x44C;&#x441;&#x43A;&#x430;&#x44F; &#x41C;&#x435;&#x442;&#x440;&#x438;&#x43A;&#x438; &#x412;&#x435;&#x43B;&#x438;&#x43A;&#x43E;&#x433;&#x43E; &#x43A;&#x43D;&#x44F;&#x436;&#x435;&#x441;&#x442;&#x432;&#x430; &#x41B;&#x438;&#x442;&#x43E;&#x432;&#x441;&#x43A;&#x43E;&#x433;&#x43E;...</subfield>
    <subfield code="f">&#x418;&#x437;&#x434;. &#x43F;&#x43E; &#x43F;&#x43E;&#x440;&#x443;&#x447;&#x435;&#x43D;&#x438;&#x44E; &#x418;&#x43C;&#x43F;. &#x41C;&#x43E;&#x441;&#x43A;. &#x43E;-&#x432;&#x430; &#x438;&#x441;&#x442;&#x43E;&#x440;&#x438;&#x438; &#x438; &#x434;&#x440;&#x435;&#x432;&#x43D;&#x43E;&#x441;&#x442;&#x435;&#x439; &#x440;&#x43E;&#x441;. [&#x41A;&#x43D;. 1]-</subfield>
  </datafield>
  <datafield tag="210" ind1=" " ind2=" ">
    <subfield code="a">&#x41C;&#x43E;&#x441;&#x43A;&#x432;&#x430;</subfield>
    <subfield code="c">&#x423;&#x43D;&#x438;&#x432;. &#x442;&#x438;&#x43F;.</subfield>
    <subfield code="d">1843</subfield>
  </datafield>
  <datafield tag="215" ind1=" " ind2=" ">
    <subfield code="d">30</subfield>
  </datafield>
  <datafield tag="316" ind1=" " ind2=" ">
    <subfield code="a">&#x42D;&#x43A;&#x437;. &#x420;&#x41D;&#x411; (18.6.1.7(1-2), 134/1059) &#x434;&#x435;&#x444;.: &#x43E;&#x442;&#x441;&#x443;&#x442;&#x441;&#x442;&#x432;&#x443;&#x435;&#x442; &#x43E;&#x431;&#x43B;.</subfield>
    <subfield code="5">NLR: 18.6.1.7(1-2), 134/1059</subfield>
  </datafield>
  <datafield tag="605" ind1=" " ind2=" ">
    <subfield code="a">&#x41C;&#x435;&#x442;&#x440;&#x438;&#x43A;&#x430; &#x43B;&#x438;&#x442;&#x43E;&#x432;&#x441;&#x43A;&#x430;&#x44F; &#x438; &#x43A;&#x43E;&#x440;&#x43E;&#x43D;&#x43D;&#x430;&#x44F;</subfield>
  </datafield>
  <datafield tag="712" ind1="0" ind2="2">
    <subfield code="a">&#x41E;&#x431;&#x449;&#x435;&#x441;&#x442;&#x432;&#x43E; &#x438;&#x441;&#x442;&#x43E;&#x440;&#x438;&#x438; &#x438; &#x434;&#x440;&#x435;&#x432;&#x43D;&#x43E;&#x441;&#x442;&#x435;&#x439; &#x440;&#x43E;&#x441;&#x441;&#x438;&#x439;&#x441;&#x43A;&#x438;&#x445;</subfield>
    <subfield code="c">&#x41C;&#x43E;&#x441;&#x43A;&#x432;&#x430;</subfield>
    <subfield code="3">RU\NLR\AUTH\889961263</subfield>
    <subfield code="9">418838</subfield>
  </datafield>
  <datafield tag="801" ind1=" " ind2="0">
    <subfield code="a">RU</subfield>
    <subfield code="b">NLR</subfield>
    <subfield code="g">psbo</subfield>
  </datafield>
  <datafield tag="801" ind1=" " ind2="0">
    <subfield code="a">RU</subfield>
    <subfield code="b">RuMoRGB</subfield>
    <subfield code="2">psbo</subfield>
  </datafield>
  <datafield tag="801" ind1=" " ind2="1">
    <subfield code="a">RU</subfield>
    <subfield code="b">ProSoft-M</subfield>
    <subfield code="2">rusmarc</subfield>
  </datafield>
  <datafield tag="852" ind1=" " ind2=" ">
    <subfield code="a">NLR</subfield>
    <subfield code="j">18.6.1.7(1-2)</subfield>
  </datafield>
  <datafield tag="852" ind1=" " ind2=" ">
    <subfield code="a">NLR</subfield>
    <subfield code="j">134/1059</subfield>
  </datafield>
  <datafield tag="852" ind1=" " ind2=" ">
    <subfield code="a">NLR</subfield>
    <subfield code="b">&#x41C;&#x444;</subfield>
    <subfield code="j">&#x41A;1/7645(1-2)</subfield>
  </datafield>
  <datafield tag="899" ind1=" " ind2=" ">
    <subfield code="a">RuMoRGB</subfield>
    <subfield code="j">P 10/27</subfield>
  </datafield>
  <datafield tag="899" ind1=" " ind2=" ">
    <subfield code="a">RuMoRGB</subfield>
    <subfield code="j">S 10/49</subfield>
  </datafield>
  <datafield tag="899" ind1=" " ind2=" ">
    <subfield code="a">RuMoRGB</subfield>
    <subfield code="j">A 130/36</subfield>
  </datafield>
  <datafield tag="899" ind1=" " ind2=" ">
    <subfield code="a">&#x411;&#x410;&#x41D;</subfield>
  </datafield>
  <datafield tag="899" ind1=" " ind2=" ">
    <subfield code="a">&#x41D;&#x411; &#x421;&#x41F;&#x431;&#x413;&#x423;</subfield>
  </datafield>
  <datafield tag="899" ind1=" " ind2=" ">
    <subfield code="a">&#x413;&#x41F;&#x418;&#x411;</subfield>
  </datafield>
  <datafield tag="942" ind1=" " ind2=" ">
    <subfield code="c">BOOK</subfield>
  </datafield>
</record>
